Southville International School and Colleges
Your cart is empty.
  • Cart
  • Lists
    Public lists Eva Luna New books Lux_list list_1
    Your lists Log in to create your own lists
  • Log in to your account
  • Your cookies
  • Search history
Southville International School and Colleges
  • Advanced search
  • Recent comments
  • Most popular
  • Libraries

Log in to your account

Log in with GOOGLE


If you do not have an external account, but do have a local account, you can still log in:

  1. Home
  2. MARC view: The blue book of grammar and punctuation /
Normal view MARC view ISBD view

The blue book of grammar and punctuation / (Record no. 339870)

[ view plain ]
MARC details
000 -LEADER
fixed length control field 00735nam a2200289Ia 4500
008 - FIXED-LENGTH DATA ELEMENTS--GENERAL INFORMATION
fixed length control field 170711s9999 xx 000 0 und d
020 ## - INTERNATIONAL STANDARD BOOK NUMBER
International Standard Book Number 9780470222683
050 ## - LIBRARY OF CONGRESS CALL NUMBER
Classification number 428.2
050 ## - LIBRARY OF CONGRESS CALL NUMBER
Item number S912 2008
100 ## - MAIN ENTRY--PERSONAL NAME
Personal name Straus, Jane
245 #4 - TITLE STATEMENT
Title The blue book of grammar and punctuation /
245 ## - TITLE STATEMENT
Statement of responsibility, etc Jane Straus.
250 ## - EDITION STATEMENT
Edition statement Tenth edition
260 ## - PUBLICATION, DISTRIBUTION, ETC. (IMPRINT)
Place of publication, distribution, etc San Francisco, CA :
260 ## - PUBLICATION, DISTRIBUTION, ETC. (IMPRINT)
Name of publisher, distributor, etc Jossey Bass,
260 ## - PUBLICATION, DISTRIBUTION, ETC. (IMPRINT)
Date of publication, distribution, etc 2008
300 ## - PHYSICAL DESCRIPTION
Extent xxi, 153 pages :
300 ## - PHYSICAL DESCRIPTION
Other physical details illustrations ;
300 ## - PHYSICAL DESCRIPTION
Dimensions 27cm.
650 ## - SUBJECT ADDED ENTRY--TOPICAL TERM
Topical term or geographic name as entry element English language --
650 ## - SUBJECT ADDED ENTRY--TOPICAL TERM
Topical term or geographic name as entry element English language --
650 ## - SUBJECT ADDED ENTRY--TOPICAL TERM
Topical term or geographic name as entry element English language --
650 ## - SUBJECT ADDED ENTRY--TOPICAL TERM
General subdivision Grammar.
650 ## - SUBJECT ADDED ENTRY--TOPICAL TERM
General subdivision Problems, excercises, ec.
650 ## - SUBJECT ADDED ENTRY--TOPICAL TERM
General subdivision Punctuation.
700 ## - ADDED ENTRY--PERSONAL NAME
Personal name Title.

No items available.

The blue book of grammar and punctuation /

APA

Straus J., Title, .The blue book of grammar and punctuation. San Francisco, CA: .

Chicago

Straus Jane, Title, .The blue book of grammar and punctuation. San Francisco, CA: .

Harvard

Straus J., Title, .The blue book of grammar and punctuation. San Francisco, CA: .

MLA

Straus Jane, Title, .San Francisco, CA: . .

  • Print
  • Cite
  • Add to your cart (remove)
  • Save record
    BIBTEX Dublin Core MARCXML MARC (non-Unicode/MARC-8) MARC (Unicode/UTF-8) MARC (Unicode/UTF-8, Standard) MODS (XML) RIS
  • More searches
    Search for this title in:
    Other Libraries (WorldCat) Other Databases (Google Scholar) Online Stores (Bookfinder.com) Open Library (openlibrary.org)

Exporting to Dublin Core...

SOUTHVILLE LIBRARY

Southville International School and Colleges Library

1281 Tropical Ave. Cor. Luxembourg St., BF Homes International, Las Pinas City

Tel. No. 8256374 / 252358 Loc. 117/146

Powered by Koha